<?xml version="1.0" encoding="UTF-8"?><marc:collection xmlns:marc="http://www.loc.gov/MARC21/slim">
  <marc:record>
    <marc:leader>00990nam#a2200313zc#4500</marc:leader>
    <marc:controlfield tag="001">990000450800203331</marc:controlfield>
    <marc:controlfield tag="003">AT-OBV</marc:controlfield>
    <marc:controlfield tag="005">20230129172323.0</marc:controlfield>
    <marc:controlfield tag="007">tu</marc:controlfield>
    <marc:controlfield tag="008">960902|1989####|||###########|||#|#ger#c</marc:controlfield>
    <marc:controlfield tag="009">AC01624787</marc:controlfield>
    <marc:datafield tag="015" ind1=" " ind2=" ">
      <marc:subfield code="a">90,A03,1288</marc:subfield>
      <marc:subfield code="2">dnb</marc:subfield>
    </marc:datafield>
    <marc:datafield tag="020" ind1=" " ind2=" ">
      <marc:subfield code="a">3492151043</marc:subfield>
      <marc:subfield code="c">kart. : DM 22.80</marc:subfield>
    </marc:datafield>
    <marc:datafield tag="035" ind1=" " ind2=" ">
      <marc:subfield code="a">(AT-OBV)AC01624787</marc:subfield>
    </marc:datafield>
    <marc:datafield tag="035" ind1=" " ind2=" ">
      <marc:subfield code="a">AC01624787</marc:subfield>
    </marc:datafield>
    <marc:datafield tag="035" ind1=" " ind2=" ">
      <marc:subfield code="a">(Aleph)000045080ACC01</marc:subfield>
    </marc:datafield>
    <marc:datafield tag="035" ind1=" " ind2=" ">
      <marc:subfield code="a">(DE-599)OBVAC01624787</marc:subfield>
    </marc:datafield>
    <marc:datafield tag="040" ind1=" " ind2=" ">
      <marc:subfield code="a">RET</marc:subfield>
      <marc:subfield code="b">ger</marc:subfield>
      <marc:subfield code="d">UBG</marc:subfield>
      <marc:subfield code="e">rakwb</marc:subfield>
    </marc:datafield>
    <marc:datafield tag="041" ind1=" " ind2=" ">
      <marc:subfield code="a">ger</marc:subfield>
    </marc:datafield>
    <marc:datafield tag="044" ind1=" " ind2=" ">
      <marc:subfield code="c">XA-DE</marc:subfield>
    </marc:datafield>
    <marc:datafield tag="100" ind1="1" ind2=" ">
      <marc:subfield code="a">Dambmann, Gerhard</marc:subfield>
      <marc:subfield code="4">aut</marc:subfield>
    </marc:datafield>
    <marc:datafield tag="245" ind1="1" ind2="0">
      <marc:subfield code="a">25mal Japan</marc:subfield>
      <marc:subfield code="b">Weltmacht als Einzelgänger</marc:subfield>
      <marc:subfield code="c">Gerhard Dambmann</marc:subfield>
    </marc:datafield>
    <marc:datafield tag="246" ind1="3" ind2=" ">
      <marc:subfield code="a">Fünfundzwanzigmal Japan</marc:subfield>
    </marc:datafield>
    <marc:datafield tag="250" ind1=" " ind2=" ">
      <marc:subfield code="a">Neuausg., 5., überarb. Aufl., (3. Aufl. dieser Ausg.) - 25. - 28. Tsd., (13. - 16. Tsd. dieser Ausg.)</marc:subfield>
    </marc:datafield>
    <marc:datafield tag="264" ind1=" " ind2="1">
      <marc:subfield code="a">München [u.a.]</marc:subfield>
      <marc:subfield code="b">Piper</marc:subfield>
      <marc:subfield code="c">1989</marc:subfield>
    </marc:datafield>
    <marc:datafield tag="300" ind1=" " ind2=" ">
      <marc:subfield code="a">307 S.</marc:subfield>
      <marc:subfield code="b">23 Ill.</marc:subfield>
      <marc:subfield code="c">19 cm</marc:subfield>
    </marc:datafield>
    <marc:datafield tag="490" ind1="0" ind2=" ">
      <marc:subfield code="a">Serie Piper</marc:subfield>
      <marc:subfield code="v">5104</marc:subfield>
    </marc:datafield>
    <marc:datafield tag="689" ind1="0" ind2="0">
      <marc:subfield code="a">Japan</marc:subfield>
      <marc:subfield code="D">g</marc:subfield>
      <marc:subfield code="0">(DE-588)4028495-5</marc:subfield>
    </marc:datafield>
    <marc:datafield tag="689" ind1="0" ind2=" ">
      <marc:subfield code="5">AT-OBV</marc:subfield>
      <marc:subfield code="5">Automatisch aus BVB_2013-06 2013-03-13</marc:subfield>
    </marc:datafield>
  </marc:record>
</marc:collection>
